Rugby World Cup Top Point Scorers - Statistics

General Stats
  • This quiz has been taken 284 times
    106 since last reset
  • The average score is 7 of 15
Answer Stats
Hint Tournaments Country Answer % Correct
191 2003, 2007, 2011, 2015 New Zealand Dan Carter
99%
277 1999, 2003, 2007, 2011 England Johnny Wilkinson
99%
162 2015, 2019 South Africa Handré Pollard
73%
227 1987, 1991, 1995 Scotland Gavin Hastings
56%
170 1987, 1991 New Zealand Grant Fox
49%
163 1995. 1999 New Zealand Andrew Mehrtens
48%
140 1999, 2003, 2007, 2011 Scotland Chris Paterson
42%
195 1987, 1991, 1995 Australia Michael Lynagh
42%
136 2003, 2007 France Frederic Michalak
32%
125 1999, 2003, 2007, 2011 Argentina Felipe Contepomi
31%
125 1995, 1999, 2003 Australia Matt Burke
29%
125 1999, 2003, 2007, 2011 Fiji Nicky Little
28%
124 1991, 1995 France Thierry Lacroix
18%
120 1987, 1991, 1995, 1999 Canada Gareth Rees
14%
135 1999, 2003 Argentina Gonzalo Quesada
12%
No matching quizzes found
Score Distribution
Percent of People with Each Score
Percentile by Number Answered
Your Score History
You have not taken this quiz since the last reset